Welcome to the Holygrace Academy Library

Please use search bar below to get started

LEARN TO MEDITATE (Record no. 5477)

MARC details
000 -LEADER
fixed length control field 00400nam a22001457a 4500
020 ## - INTERNATIONAL STANDARD BOOK NUMBER
ISBN 1-900131-91-9
082 ## - DEWEY DECIMAL CLASSIFICATION NUMBER
Classification number 158.12
Item number FON/LEA
100 ## - MAIN ENTRY--AUTHOR NAME
Personal name FONTANA, DAVID
245 ## - TITLE STATEMENT
Title LEARN TO MEDITATE
260 ## - PUBLICATION, DISTRIBUTION, ETC. (IMPRINT)
Place of publication LONDON
Name of publisher DUNCAN BAIRD PUBLISHERS
Year of publication 1998
300 ## - PHYSICAL DESCRIPTION
Number of Pages 159
520 ## - SUMMARY, ETC.
Summary, etc FIND DEEP RELAXATION, RELIEVE STRESS AND ANXIETY, ENHANCE CREATIVITY
650 ## - SUBJECT ADDED ENTRY--TOPICAL TERM
Topical Term HEALTH AND FITNESS
Geographic subdivision INDIA
942 ## - ADDED ENTRY ELEMENTS (KOHA)
Koha item type Books
Holdings
Withdrawn status Lost status Collection code Home library Current library Shelving location Date acquired Source of acquisition Full call number Accession Number Koha item type
    Reference Main Library Main Library   24/10/2006 purchase 158.12 FON/LEA 02098 Books